Índice no destructivo para caracterizar la evolución de la madurez de pera Williams cultivada en el Alto Valle del Río Negro /

Guardado en:
Autor Principal: Durand, Emanuel Rubén.
Autor Corporativo: Universidad Nacional del Sur. Departamento de Agronomía.
Otros Autores: Elisei, Victorio Raúl, (tutor.)
Formato: Libro
Idioma:Spanish
Publicado: Bahía Blanca, 2011.
Etiquetas: Agregar Etiqueta
Sin Etiquetas, Sea el primero en etiquetar este registro!
LEADER 00770nam a22001695a 4500
001 EEA.libagro008556
005 20170928101736.0
008 130809s2011####ag#a##########000#0#spa#d
082 0 4 |a 634.13 
100 1 |a Durand, Emanuel Rubén. 
245 1 0 |a Índice no destructivo para caracterizar la evolución de la madurez de pera Williams cultivada en el Alto Valle del Río Negro /  |c Emanuel Rubén Durand. 
260 |a Bahía Blanca,  |c 2011. 
300 |a 22 h. :  |b il. ;  |c 30 cm. 
500 |a Trabajo de intensificación (Ingeniero Agrónomo) -- Universidad Nacional del Sur. Departamento de Agronomía, 2011. 
700 1 |a Elisei, Victorio Raúl,  |e tutor. 
710 2 |a Universidad Nacional del Sur.  |b Departamento de Agronomía. 
859 |a AR-BbBCA  |b BIB. AGRONOMIA  |h 634.13  |i D949  |p 2011/5969